[Event "Autumn Cup"]
[Site "Wellington Chess Club"]
[Date "2014.05.29"]
[Round "5"]
[White "Stone, Andrew"]
[Black "Sellen, Ian"]
[Result "0-1"]
[WhiteElo "2075"]
[BlackElo "2093"]

1. e4 e6 2. d4 d5 3. Nc3 Bb4 4. e5 c5 5. a3 Bxc3+ 6. bxc3 Ne7 7. Qg4 g6
{Normally I would let white take on g7, and play something like Qc7. This
time, on the spur of the moment I thought I'd try something different, but I'm
not sure I'll ever repeat the experiment} 8. h4 {Andrew responds in typically
aggressive fashion} 8... h5 9. Qf3 Nbc6 10. Qf6 Rg8 (10... O-O {is the computer
recommendation, but surely no human would attempt this? e.g.} 11. Bh6 Nf5 12.
Bxf8 Qxf8 13. g4 {and black's position seems to me to have no redeeming
features} ) 11. Nf3 Nf5 12. Qxd8+ Nxd8 13. dxc5 {neither Andrew nor the
computer seem to mind the isolated triple pawns, and it's true I have trouble
coordinating my pieces now. My knight on f5 is good though} 13... Nc6 (13...
Bd7 {is better. so white can't target the pawn on b7} ) 14. Rb1 Rb8 15. Bd3 Bd7
16. c4 Nce7 17. cxd5 Nxd5 18. Bd2 (18. Ng5 Nc3 19. Rb3 Na4 20. Ne4 { very good
for white} ) 18... Bc6 19. Ng5 $1 {heading for e4 and then a gorgeous outpost}
19... Ke7 20. Ne4 Rgc8 {this loses the exchange. I decided to see if I could
block the position up and maybe make use of my knights} 21. c4 Nc7 22. Bg5+ Kf8
23. Nd6 Bxg2 24. Rg1 Bc6 25. Nxc8 Rxc8 {At least my pieces have some play now,
even if I am chronically weak on the black squares} 26. Rd1 Na6 27. Bxf5
{Andrew only reluctantly gave up his bishop for the knight, as he said after
the game, but it was the right decision} 27... exf5 28. Ke2 (28. Be3 Be8 {white
is slightly winning, but he can't keep his pawn} ) 28... Nxc5 29. Be3 Ne6 30.
f4 $6 {prevents black playing f4 himself, but also makes white's bishop a lot
less effective}  (30. Bxa7 Ra8 31. Be3 Rxa3 32. Ra1 Rc3 {is alright for me} )
(30. Rd6 f4 31. Bxa7 Ra8 32. Bb6 Ra6) 30... Be4 31. Rc1 a6 32. Rgd1 Ke7 33. a4
Bc6 34. a5 Be4 35. Rd2 Ke8 36. c5 Bc6 37. Rd6 Rd8 38. Rcd1 Rc8 {I offered a
draw round here, seeing as how my opponent was rapidly running out of time} 39.
Rg1 Ke7 40. Rb1 Be4 41. Rbb6 $6 {white has no advantage at all now} 41... Nxc5
{White moved the rook to b2, but between dropping the piece and pressing the
clock, his flag fell} 0-1

[Event "Autumn Cup"]
[Site "Wellington Chess Club"]
[Date "2014.05.29"]
[Round "5"]
[White "Timergazi, Layla"]
[Black "Jackson, Ross"]
[Result "0-1"]
[WhiteElo "1957"]
[BlackElo "2013"]

1. d4 Nf6 2. c4 e6 3. Nc3 d5 4. Bg5 c6 5. e3 Nbd7 6. Nf3 Qa5 7. Qc2 Ne4 8. Bf4
Bb4 9. Rc1 O-O 10. Bd3 f5 11. O-O h6 12. Ne5 Nxe5 13. Bxe5 Bd6 14. Bxd6 Nxd6
15. Ne2 Bd7 16. Qb3 Rab8 17. cxd5 exd5 18. Rc5 Qd8 19. Nf4 Rf6 20. f3 Qe8 21.
Re1 g5 22. Nh3 Be6 23. Nf2 Qf8 24. Qa4 a6 25. Rc2 Re8 26. e4 dxe4 27. fxe4 fxe4
28. Nxe4 Nxe4 29. Rxe4 Bd5 30. Rxe8 Qxe8 31. Re2 Re6 32. Kf2 Qf7+ 33. Kg1 Rxe2
34. Bxe2 Bxa2 35. Qa5 Bd5 36. Qd8+ Kg7 37. Qb8 Qe7 38. Kf2 Qf8+ 0-1

[Event "Autumn Cup"]
[Site "Wellington Chess Club"]
[Date "2014.06.05"]
[Round "1"]
[White "Van der Hoorn, Mark"]
[Black "Dive, Russell"]
[Result "0-1"]
[WhiteElo "2250"]
[BlackElo "2451"]

1. c4 e5 2. d3 Nc6 3. Nc3 g6 4. Nf3 Bg7 5. g3 f5 6. Bg2 Nf6 7. O-O O-O 8. Bd2
d6 9. Rb1 a5 10. a3 Kh8 11. b4 axb4 12. axb4 h6 13. b5 Ne7 14. b6 c5 15. Qb3
Bd7 16. Ra1 Bc6 17. Nh4 Bxg2 18. Kxg2 g5 19. Nf3 Qd7 20. Qb5 Nc6 21. Ra4 e4 22.
dxe4 fxe4 23. Ne1 Qe6 24. Nc2 Nd4 25. Nxd4 cxd4 26. Rxa8 Rxa8 27. Nd5 Ra2 28.
Bb4 Rxe2 29. Nxf6 Qxf6 30. Qd5 e3 31. Qxb7 Rxf2+ 32. Rxf2 Qxf2+ 33. Kh3 h5 34.
Qa8+ Bf8 35. g4 Qf1+ 36. Qg2 hxg4+ 37. Kg3 Qf4# 0-1

[Event "Autumn Cup"]
[Site "Wellington Chess Club"]
[Date "2014.06.05"]
[Round "2"]
[White "Aldridge, Alan"]
[Black "Nyberg, Michael"]
[Result "0-1"]
[WhiteElo "1980"]
[BlackElo "2030"]

1. d4 d5 2. c4 c6 3. Nf3 Nf6 4. Nc3 g6 5. cxd5 cxd5 6. e3 Bg7 7. Be2 O-O 8. O-O
Nc6 9. b3 Bf5 10. Bb2 Rc8 11. Rc1 Re8 12. Re1 Ne4 13. Nxe4 Bxe4 14. Ng5 Bf5 15.
Bg4 Qd7 16. Bxf5 Qxf5 17. Nf3 Nb4 18. Qd2 a5 19. Rxc8 Rxc8 20. Bc3 Nxa2 21.
Qxa2 Rxc3 22. Qxa5 Rxb3 23. Qd8+ Bf8 24. h3 Rb2 25. Rc1 Rb1 26. Rxb1 Qxb1+ 27.
Kh2 e6 28. Ne5 Qb4 29. Nd7 Qd6+ 30. g3 b5 31. Nf6+ Kh8 32. Nd7 Kg7 33. Qf6+ Kg8
34. Qd8 Qe7 35. Qc8 b4 36. Qb7 b3 37. Qb5 b2 38. Ne5 Qb4 39. Qe8 Qe7 40. Qb5
Qb4 41. Qe8 Qb7 42. Nd7 Qxd7 0-1

[Event "Autumn Cup"]
[Site "Wellington Chess Club"]
[Date "2014.06.05"]
[Round "2"]
[White "Tionko, Efrain"]
[Black "Stracy, Don"]
[Result "1-0"]
[WhiteElo "1891"]
[BlackElo "1854"]

1. c4 Nf6 2. g3 e5 3. Bg2 c6 4. d4 exd4 5. Qxd4 d5 6. Nf3 Be7 7. cxd5 cxd5 8.
O-O Nc6 9. Qa4 O-O 10. Nc3 Qb6 11. Qb5 Qxb5 12. Nxb5 Bf5 13. Nfd4 Nxd4 14. Nxd4
Bg6 15. Bf4 Rfd8 16. Rac1 Rac8 17. Rfd1 Rxc1 18. Rxc1 Ne8 19. Nb5 a6 20. Nd4
Nf6 21. Rc7 Kf8 22. Rxb7 Bc5 23. Nc6 Rc8 24. Rc7 Rxc7 25. Bxc7 Ne8 26. Ba5 Be4
27. Bxe4 dxe4 28. Nb8 Bd4 29. b3 Nf6 30. Nxa6 Nd5 31. e3 Ba7 32. a4 Ke8 33. Bd2
Kd7 34. b4 Nc7 35. Nxc7 Kxc7 36. Kg2 h5 37. Bc3 g6 38. Bf6 Kd6 39. h3 Kd5 40.
Bd4 Bxd4 41. exd4 Kxd4 42. a5 Kd5 43. a6 Kc6 44. b5+ Kb6 45. g4 hxg4 46. hxg4
f5 47. gxf5 gxf5 48. Kg3 1-0

[Event "Autumn Cup"]
[Site "Wellington Chess Club"]
[Date "2014.06.05"]
[Round "3"]
[White "Konakanchi, Karthik"]
[Black "Anderson, Gordon"]
[Result "0-1"]
[WhiteElo "1308"]
[BlackElo "1615"]

1. e4 e6 2. d4 c5 3. d5 e5 4. Nf3 d6 5. Nc3 Nf6 6. g3 a6 7. Bg2 Be7 8. O-O b5
9. Re1 O-O 10. a3 b4 11. axb4 cxb4 12. Ne2 Nxe4 13. Qd3 Nf6 14. Qc4 a5 15. Bd2
Bb7 16. Ng5 h6 17. Nh3 Qc8 18. Qb3 Nbd7 19. c4 Nc5 20. Qe3 Qf5 21. Nc1 Nh7 22.
Be4 Nxe4 23. Qxe4 Qxh3 24. g4 Qh4 25. Be3 Bg5 {Black won} 0-1

[Event "Autumn Cup"]
[Site "Wellington Chess Club"]
[Date "2014.06.05"]
[Round "4"]
[White "Facchini, Fabrizio"]
[Black "MacDonald, John"]
[Result "1-0"]
[WhiteElo "1288"]
[BlackElo "1505"]

1. d4 Nf6 2. c4 e6 3. Bg5 Be7 4. Nf3 b6 5. e3 Bb7 6. Bd3 h6 7. Bxf6 Bxf6 8. Nc3
d6 9. Rc1 Nd7 10. Ne4 Qe7 11. Qc2 c5 12. O-O d5 13. cxd5 exd5 14. Nxf6+ Nxf6
15. Bb5+ Nd7 16. Ne5 O-O 17. Nxd7 Rfd8 18. Ne5 c4 19. Bc6 Rac8 20. Bxb7 Qxb7
21. Qf5 b5 22. f4 a5 23. Rf3 Rd6 24. Rg3 g6 25. Nxf7 Qxf7 1-0

[Event "Autumn Cup"]
[Site "Wellington Chess Club"]
[Date "2014.06.05"]
[Round "4"]
[White "Nicholls, Alistair"]
[Black "Rossiter, Philip"]
[Result "0-1"]
[WhiteElo "1848"]
[BlackElo "1831"]

1. e4 e6 2. d4 d5 3. Nc3 Nf6 4. Bg5 Bb4 5. e5 h6 6. exf6 hxg5 7. fxg7 Rg8 8.
Qh5 Qf6 9. Nf3 Qxg7 10. Ne5 Nd7 11. Nxd7 Bxd7 12. a3 Bxc3+ 13. bxc3 c5 14. Qd1
O-O-O 15. a4 c4 16. a5 e5 17. Be2 Rge8 18. O-O f5 19. dxe5 Qxe5 20. Bf3 g4 21.
Bxd5 Bc6 22. Bxc6 Rxd1 23. Bxe8 Rxf1+ 24. Kxf1 Qxe8 0-1

[Event "Autumn Cup"]
[Site "Wellington Chess Club"]
[Date "2014.06.05"]
[Round "6"]
[White "Aumeier, Beate"]
[Black "Kierstead, James"]
[Result "1-0"]
[WhiteElo "1110"]
[BlackElo "1177"]

1. e4 c5 2. Nc3 d6 3. Nf3 Nf6 4. d3 g6 5. Be2 Bg7 6. d4 cxd4 7. Nxd4 O-O 8. O-O
Nc6 9. Be3 Nxd4 10. Bxd4 Bd7 11. e5 dxe5 12. Bxe5 a6 13. Bf3 Bc6 14. Qe2 Bxf3
15. Qxf3 b5 16. Rad1 Nd7 17. Bxg7 Kxg7 18. Qb7 Nc5 19. Qd5 Qxd5 20. Nxd5 Ra7
21. Rfe1 e6 22. Nb6 Rc7 23. c3 Rb7 24. Rd6 Nd7 25. Nxd7 Rxd7 26. Rxd7 Re8 27.
Red1 a5 28. Rd8 Re7 29. h3 b4 30. cxb4 axb4 31. Rb8 Ra7 32. Ra1 b3 33. Rxb3 Kh6
34. a4 f5 35. Rc3 e5 36. b4 e4 37. b5 Re7 38. g3 g5 39. Rc6+ Kh5 40. f4 gxf4
41. gxf4 e3 42. a5 e2 43. Re1 Kh4 44. Kh2 h5 45. b6 1-0

[Event "Julian Mazur Memorial"]
[Site "Wellington Chess Club"]
[Date "2014.07.24"]
[Round "1"]
[White "Anderson, Gordon"]
[Black "Sole, Christopher"]
[Result "1-0"]
[WhiteElo "1624"]
[BlackElo "953"]

1. d4 d5 2. g3 Bf5 3. Nc3 e6 4. a3 Bd6 5. Bg2 Ne7 6. Nf3 O-O 7. O-O Nbc6 8. Nb5
a6 9. Nxd6 Qxd6 10. Bf4 Qd7 11. Ne5 Nxe5 12. Bxe5 f6 13. Bf4 c6 14. Re1 Rad8
15. c3 b5 16. e4 dxe4 17. Bxe4 Bxe4 18. Rxe4 e5 19. Qb3+ Qd5 20. Qxd5+ cxd5 21.
Ree1 exf4 22. Rxe7 fxg3 23. hxg3 g5 $4 24. Re6 Ra8 25. Rd6 g4 26. Rxd5 f5 27.
Re1 Rae8 28. Rde5 Rxe5 29. Rxe5 f4 30. Rg5+ Kh8 31. Rxg4 fxg3 32. Rxg3 h5 33.
b3 h4 34. Rg4 Rf3 $4 35. Rxh4+ Kg7 36. Rg4+ Kf6 37. Rg3 Rf5 38. Kg2 a5 39. Rf3
Kg5 40. Rxf5+ Kxf5 41. Kf3 Ke6 42. Ke4 Kd6 43. f4 a4 44. b4 Ke6 45. f5+ Ke7 46.
Kd5 Kf6 47. Kc5 Kxf5 48. Kxb5 Ke4 49. Kxa4 Kd3 50. Kb3 Kd2 $4 51. b5 1-0

[Event "Julian Mazur Memorial"]
[Site "Wellington Chess Club"]
[Date "2014.07.24"]
[Round "1"]
[White "Bennett, Ezra"]
[Black "Farrington, Lawrence"]
[Result "0-1"]
[WhiteElo "1236"]
[BlackElo "1852"]

1. d4 d5 2. Bf4 Nf6 3. e3 Nc6 4. Nf3 Bg4 5. Nbd2 e6 6. h3 Bh5 7. Nb3 Bd6 8.
Bxd6 cxd6 9. Qd2 Ne4 10. Qe2 O-O 11. O-O-O Na5 12. Nbd2 Rc8 13. Nxe4 dxe4 14.
Rd2 exf3 15. gxf3 Bg6 16. c3 d5 17. e4 Nc4 18. Rd3 b5 19. h4 h5 20. Rh2 Qd6 21.
e5 Qa6 22. Kc2 Qxa2 23. Kd1 Qxb2 24. Qc2 Qxc2+ 25. Kxc2 Bxd3+ 26. Bxd3 g6 27.
Rh3 a5 28. Kb3 Rb8 29. Rh1 Rfc8 30. Rd1 b4 31. cxb4 Rxb4+ 32. Ka2 Rcb8 33. Ka1
Nb2 34. Rb1 Nc4 35. f4 Rxb1+ 36. Bxb1 Rxb1+ 37. Kxb1 Nd2+ 38. Ka2 Nf3 39. Ka3
Nxd4 0-1

[Event "Julian Mazur Memorial"]
[Site "Wellington Chess Club"]
[Date "2014.07.24"]
[Round "1"]
[White "Brockway, Andrew"]
[Black "Wight, Joshua"]
[Result "1-0"]
[WhiteElo "1784"]
[BlackElo "1329"]

1. e4 e5 2. Nf3 d6 3. d4 Qe7 4. dxe5 dxe5 5. Bb5+ c6 6. Bd3 Nf6 7. O-O g6 8. b3
Bg7 9. Ba3 c5 10. Bb2 Bg4 11. h3 Bxf3 12. Bb5+ Nc6 13. Qxf3 Rc8 14. Nc3 O-O 15.
Bxc6 Rxc6 16. Rad1 Rd8 17. Rxd8+ Qxd8 18. Rd1 Rd6 19. Rxd6 Qxd6 20. Qd3 Qd4 21.
Na4 Qxd3 22. cxd3 Nd7 23. Nc3 Nb8 24. Nb5 Nc6 25. Nd6 Nb4 26. Nxb7 Nxd3 27. Ba3
Bf8 28. Na5 f6 29. Nc6 f5 30. Nxa7 fxe4 31. Nb5 Kf7 32. Nc3 Kf6 33. Nxe4+ Ke6
34. Nc3 h5 35. Kf1 Kf5 36. g3 Bd6 37. Ke2 e4 38. Ke3 Nxf2 39. Kxf2 g5 40. Bc1
c4 41. bxc4 Bc5+ 42. Be3 Bxe3+ 43. Kxe3 Ke5 44. Nxe4 1-0

[Event "Julian Mazur Memorial"]
[Site "Wellington Chess Club"]
[Date "2014.07.24"]
[Round "1"]
[White "Croad, Nicolas"]
[Black "Asplet, Mike"]
[Result "1-0"]
[WhiteElo "2368"]
[BlackElo "1566"]

1. d4 d5 2. c4 e6 3. Nc3 Nf6 4. Bg5 Be7 5. cxd5 exd5 6. Qc2 Nc6 7. e3 O-O 8. a3
a6 9. Bd3 g6 10. Nf3 b5 11. Nxb5 axb5 12. Qxc6 Bd7 13. Qc2 c5 14. dxc5 b4 15.
O-O Qa5 16. Nd4 Ba4 17. b3 Bd7 18. c6 Rfc8 19. a4 Kg7 20. Rac1 Bd8 21. Qb2 Be8
22. Bb5 Ne4 23. Ne6+ Kg8 24. Qg7# 1-0

[Event "Julian Mazur Memorial"]
[Site "Wellington Chess Club"]
[Date "2014.07.24"]
[Round "1"]
[White "Jackson, Ross"]
[Black "Konakanchi, Pramodh"]
[Result "1-0"]
[WhiteElo "1984"]
[BlackElo "1300"]

1. d4 d5 2. c4 Nf6 3. cxd5 Nxd5 4. e4 Nb4 5. Qa4+ N8c6 6. d5 Nxd5 7. exd5 Qxd5
8. Nc3 Qe5+ 9. Be2 e6 10. Nf3 Qd6 11. Bf4 Qd7 12. Rd1 Qe7 13. Ne5 Qc5 14. Nxc6
Qxc6 15. Bb5 Qxb5 16. Nxb5 Ke7 17. Nxc7 Rb8 18. Bg5+ f6 19. Qe8# 1-0

[Event "Julian Mazur Memorial"]
[Site "Wellington Chess Club"]
[Date "2014.07.24"]
[Round "1"]
[White "Konakanchi, Karthik"]
[Black "Sellen, Ian"]
[Result "0-1"]
[WhiteElo "1351"]
[BlackElo "2075"]

1. e4 e6 2. Nf3 d5 3. e5 c5 4. c3 Bd7 5. d4 Qb6 6. Be2 Bb5 7. O-O Nc6 8. Re1
Bxe2 9. Rxe2 Nge7 10. Rc2 Nf5 11. Rd2 Be7 12. b3 cxd4 13. cxd4 Rc8 14. Ba3 Nb4
15. Bxb4 Bxb4 16. Rc2 O-O 17. Re2 Rc6 18. a3 Rfc8 19. Nbd2 Bxa3 20. Re1 Bb2 21.
Rb1 Bxd4 22. Nxd4 Qxd4 23. h3 Rc2 24. Re2 Ng3 0-1

[Event "Julian Mazur Memorial"]
[Site "Wellington Chess Club"]
[Date "2014.07.24"]
[Round "1"]
[White "Nyberg, Michael"]
[Black "Baker, Jack"]
[Result "1-0"]
[WhiteElo "2081"]
[BlackElo "1396"]

1. d4 d5 2. c4 Bg4 3. Qb3 Nc6 4. cxd5 Nxd4 5. Qa4+ Qd7 6. Qxd4 Nf6 7. Nc3 O-O-O
8. Qxa7 Qf5 9. h3 Qh5 10. Qa8+ Kd7 11. Qxb7 Ke8 12. Nf3 e6 13. Qb5+ Ke7 14. Nd4
Rd6 15. Nc6+ Kd7 16. Na7+ Kd8 17. Qb8+ Kd7 18. Qc8+ Ke7 19. Qxc7+ Rd7 20. Nc6+
1-0

[Event "Julian Mazur Memorial"]
[Site "Wellington Chess Club"]
[Date "2014.07.24"]
[Round "1"]
[White "Scarlett, William"]
[Black "Wilkins, Mark"]
[Result "0-1"]
[WhiteElo "1255"]
[BlackElo "1886"]

1. e4 c6 2. c4 d5 3. cxd5 cxd5 4. exd5 Nf6 5. Bc4 Nxd5 6. Qh5 e6 7. d4 Bb4+ 8.
Bd2 Nc6 9. Nf3 Bxd2+ 10. Nbxd2 Nf6 11. Qg5 O-O 12. Nb3 h6 13. Qf4 a6 14. a4 Nb4
15. O-O Nfd5 16. Qd2 b6 17. Ne5 Bb7 18. Nd3 a5 19. Nbc1 Rc8 20. Bxd5 Qxd5 21.
Nf4 Qc6 22. Ra3 Rfd8 23. Nce2 Qc2 24. Qxc2 Rxc2 25. Rc3 Rxb2 26. Nd3 Nxd3 27.
Rxd3 Rxe2 28. Rb3 Rd6 29. Rd1 Rc6 30. Kf1 Ba6 31. Kg1 Rec2 32. Rbb1 Ra2 33. Ra1
Rb2 34. Rab1 Rcc2 35. h3 b5 36. axb5 Bxb5 37. Ra1 a4 38. Ra3 Rxf2 39. Rda1
Rxg2+ 40. Kh1 Rh2+ 41. Kg1 Rbg2# 0-1

[Event "Julian Mazur Memorial"]
[Site "Wellington Chess Club"]
[Date "2014.07.24"]
[Round "1"]
[White "Stracy, Don"]
[Black "Meravanage, Satwik"]
[Result "1-0"]
[WhiteElo "1855"]
[BlackElo "1238"]

1. e4 e5 2. Nf3 Nc6 3. Bb5 Nf6 4. O-O d6 5. Re1 Be7 6. c3 a6 7. Ba4 b5 8. Bc2
O-O 9. h3 Bb7 10. d4 Nd7 11. Nbd2 Na7 12. Nf1 c5 13. d5 b4 14. cxb4 cxb4 15.
Ng3 Rc8 16. Be3 Nc5 17. Rc1 Qd7 18. Bb1 Qb5 19. Qe2 Qxe2 20. Rxe2 Nb5 21. Nf5
Bd8 22. Nxd6 Nxd6 23. Rxc5 f6 24. Rxc8 Nxc8 25. Bc5 Be7 26. Bxe7 Nxe7 27. Rc2
Rc8 28. Rxc8+ Nxc8 29. Nd2 Nd6 30. Bd3 Kf7 31. Nb3 Nb5 32. Na5 Ba8 33. Nb3 Bb7
34. Kf1 h5 35. g3 g5 36. h4 g4 37. Ke2 Nd4+ 38. Nxd4 exd4 39. Bc4 a5 40. Kd3
Ke7 41. Kxd4 Kd6 42. Be2 Bc8 43. f3 1-0

[Event "Julian Mazur Memorial"]
[Site "Wellington Chess Club"]
[Date "2014.07.31"]
[Round "2"]
[White "Asplet, Mike"]
[Black "Meravanage, Satwik"]
[Result "1-0"]
[WhiteElo "1566"]
[BlackElo "1238"]

1. e4 e5 2. Nf3 Nc6 3. Bb5 a6 4. Ba4 Nf6 5. O-O Be7 6. d3 O-O 7. Bxc6 dxc6 8.
Nxe5 Qd6 9. Nf3 Bg4 10. e5 Bxf3 11. exd6 Bxd1 12. dxe7 Rfe8 13. Rxd1 Rxe7 14.
Bf4 Rae8 15. Nc3 1-0

[Event "Julian Mazur Memorial"]
[Site "Wellington Chess Club"]
[Date "2014.07.31"]
[Round "2"]
[White "Aumeier, Beate"]
[Black "Stracy, Don"]
[Result "0-1"]
[WhiteElo "1090"]
[BlackElo "1855"]

1. e4 c5 2. Nc3 Nc6 3. Nf3 e6 4. Bc4 a6 5. d3 d6 6. O-O Nf6 7. Re1 Be7 8. a3
O-O 9. h3 Bd7 10. Bd2 b5 11. Bb3 Re8 12. Ne2 Qc7 13. c4 bxc4 14. Bxc4 Na5 15.
Bxa5 Qxa5 16. e5 dxe5 17. Nxe5 Bb5 18. Qc2 Bxc4 19. Qxc4 Qb5 20. Qc2 Rad8 21.
Nf4 Nd5 22. Re4 Nxf4 23. Rxf4 Bf6 24. a4 Qb6 25. Re1 Rd5 26. Qc3 Red8 27. Rf3
Qc7 28. Rfe3 Bxe5 29. Rxe5 Rxd3 30. Qxc5 Qb8 31. R5e3 Rxe3 32. Qxe3 Qxb2 33.
Rc1 Qb8 34. Qe2 a5 35. Qe1 Qb4 36. Qxb4 axb4 37. Rb1 Rb8 38. a5 Kf8 39. Kf1 Ke7
40. a6 Ra8 41. Rxb4 Rxa6 42. Rb7+ Kf6 43. g4 g5 44. Kg2 Kg6 45. f3 e5 46. Rb8
Kg7 47. Rb7 Re6 48. Kg3 h6 49. Ra7 Re8 50. Rc7 Kg6 51. Rb7 Rf8 52. Rb6+ f6 53.
Kg2 h5 54. Ra6 h4 55. Kf2 Rc8 56. Ra2 Rc4 57. Rb2 Rc6 58. Ra2 Re6 59. Re2 f5
60. Kg2 e4 61. fxe4 Rxe4 62. Rxe4 fxe4 63. Kf2 Kf6 64. Ke3 Ke5 65. Ke2 Kf4 66.
Ke1 Kg3 67. Ke2 Kxh3 68. Ke3 Kxg4 69. Kxe4 h3 0-1

[Event "Julian Mazur Memorial"]
[Site "Wellington Chess Club"]
[Date "2014.07.31"]
[Round "2"]
[White "Baker, Jack"]
[Black "Collings, Alex"]
[Result "1-0"]
[WhiteElo "1396"]
[BlackElo "1203"]

1. e4 e5 2. Nf3 f6 3. Nxe5 fxe5 4. Qh5+ g6 5. Qxe5+ Qe7 6. Qxh8 Nf6 7. d3 Nc6
8. Bg5 d6 9. Bxf6 Qf7 10. Nc3 a6 11. Nd5 Be6 12. Bg7 O-O-O 13. Bxf8 Rxf8 14.
Qc3 Bxd5 15. exd5 Qxd5 16. f3 Ne5 17. O-O-O Nxf3 18. gxf3 Rxf3 19. Qh8+ Kd7 20.
Qxh7+ Kc6 21. Qh4 1-0

[Event "Julian Mazur Memorial"]
[Site "Wellington Chess Club"]
[Date "2014.07.31"]
[Round "2"]
[White "Farrington, Lawrence"]
[Black "Croad, Nicolas"]
[Result "1-0"]
[WhiteElo "1852"]
[BlackElo "2368"]

1. e4 c5 2. c3 d5 3. exd5 Qxd5 4. d4 e6 5. Nf3 Nf6 6. Be2 Nc6 7. h3 Be7 8. Be3
cxd4 9. cxd4 O-O 10. Nc3 Qd6 11. O-O b6 12. Nb5 Qb8 13. Rc1 Bb7 14. Nc3 Rd8 15.
Qc2 Nb4 16. Qb1 Nbd5 17. Nxd5 Bxd5 18. Qc2 Qb7 19. Qc7 Rac8 20. Qxb7 Bxb7 21.
Ne5 Nd5 22. Bf3 f6 23. Ng4 Ba6 24. Rfd1 h5 25. Nh2 Nxe3 26. fxe3 g6 27. Nf1 Bf8
28. Kf2 Kf7 29. Be2 Bb7 30. Bf3 Ba6 31. Be2 Bb7 32. Bf3 Rxc1 33. Rxc1 Rc8 34.
Rxc8 Bxc8 35. a3 Bd7 36. Nd2 Bh6 37. Nb1 Ke7 38. Nc3 f5 39. g3 Bg7 40. h4 e5
41. d5 e4 42. Be2 Kd6 43. Bc4 Be8 44. Nd1 b5 45. Ba2 Bf7 46. Nc3 Bxc3 47. bxc3
Bxd5 48. Bb1 Bb3 49. g4 hxg4 50. Kg3 Ke5 1-0

[Event "Julian Mazur Memorial"]
[Site "Wellington Chess Club"]
[Date "2014.07.31"]
[Round "2"]
[White "Kierstead, James"]
[Black "Konakanchi, Karthik"]
[Result "0-1"]
[WhiteElo "1111"]
[BlackElo "1351"]

1. c4 e5 2. Nc3 Bc5 3. d3 Nf6 4. e3 O-O 5. Nf3 Re8 6. d4 exd4 7. Nxd4 d5 8. b3
dxc4 9. Bxc4 Bxd4 10. Bb2 Nc6 11. O-O Bxc3 12. Qxd8 Rxd8 13. Bxc3 Ne4 14. Rac1
Nxc3 15. Rxc3 Bf5 16. f3 Ne5 17. e4 Bg6 18. Re1 c6 19. g3 Rd4 20. Kf2 Nxc4 21.
Rxc4 Rxc4 22. bxc4 Rd8 23. a4 Rd4 24. Rc1 f6 25. Ke3 c5 26. f4 Bxe4 27. Rb1
Rxc4 28. Rxb7 Bxb7 0-1

[Event "Julian Mazur Memorial"]
[Site "Wellington Chess Club"]
[Date "2014.07.31"]
[Round "2"]
[White "Perry, Roger"]
[Black "Brockway, Andrew"]
[Result "1/2-1/2"]
[WhiteElo "2098"]
[BlackElo "1784"]

{ Roger and I were both looking forward to this game. We have known each other
for quite a while outside of chess but other than a few blitz games last week
(where I was demolished) this was our first game. } 1. d4 { I am surprised
already as Roger normally plays e4. My limited preparation is already
redundant. } 1... Nf6 2. c4 e6 3. Nc3 Bb4 4. e3 b6 5. Ne2 { According to my
book (and Roger) this is the Rubinstein variation). } 5... Ba6 6. a3 Bxc3+ 7.
Nxc3 Bb7 { I deviate from my book line which follows in the variation. }  (7...
d5 8. b3 O-O 9. Be2 dxc4 10. bxc4 Nc6) 8. d5 exd5 9. cxd5 d6 10. Bb5+ Nbd7 11.
O-O O-O { I was happy enough here. I have less space after Roger plays e5 but
my development is almost complete and my pieces are reasonably well placed. }
12. e4 a6 13. Bd3 Ne5 14. Bc2 Qd7 15. f4 Ng6 16. h3 { I was not so happy now
due to a potential kingside attack once Roger organises his pieces. } 16... Qe7
17. Be3 { Roger gives me an opportunity. I noticed that his bishop is
unprotected and started looking for ways to exploit that. I spent a bit of time
looking at my next move to make sure there were no in-between moves. Hiarcs
agrees with my assessment that Nxe4 gives me a small advantage. I was more
focused on a positional edge but as it turns out it is difficult for Roger to
defend his d pawn. } 17... Nxe4 18. Nxe4 f5 19. Qd4 fxe4 { I may have been
better to play Rae8 as per the following variation but I am not convinced there
is much difference. }  (19... Rae8 20. Bd2 fxe4 21. Rae1) 20. Rae1 { I should
have played Rae8 now. While the idea of getting my Knight to f5 looked good at
the time, computer analysis suggests it is not the best. } 20... Nh4 21. Bxe4
Nf5 22. Bxf5 { Roger misses an opportunity as per the following computer
analysis and as per our post mortem. }  (22. Qd3 Qf7 23. g4 Nxe3 24. Bxh7+ Kh8
25. Rxe3 Qxd5) 22... Rxf5 23. Bd2 Qf7 24. Bc3 Rxd5 25. Qe4 Bc6 26. Qe7 Re8 27.
Qxf7+ Kxf7 28. Rxe8 Bxe8 29. Re1 { I have an advantage according to Hiarcs but
I am running short of time and can't work out how to proceed. So we swap rooks
and end up in what looks to me like a drawn ending. Although perhaps I should
have played on. } 29... Ba4 30. Kf2 Rd1 31. Rxd1 Bxd1 32. g4 Bb3 1/2-1/2

[Event "Julian Mazur Memorial"]
[Site "Wellington Chess Club"]
[Date "2014.07.31"]
[Round "2"]
[White "Rossiter, Philip"]
[Black "Scully, Ben"]
[Result "1-0"]
[WhiteElo "1922"]
[BlackElo "1046"]

1. c4 Nf6 2. Nc3 c6 3. e4 d5 4. e5 Ng8 5. d4 Bf5 6. Nf3 e6 7. Be2 Nd7 8. O-O
Bb4 9. Be3 Ne7 10. Rc1 O-O 11. cxd5 Bxc3 12. bxc3 Qa5 13. d6 Nc8 14. Qb3 Rb8
15. Rfd1 f6 16. Nh4 fxe5 17. Nxf5 Rxf5 18. Qxe6+ Rf7 19. Bc4 Nxd6 20. Qxd6 Rf8
21. Qxd7 Kh8 22. Bxf7 1-0